| 000 | 01193cam a2200337 a 4500 | ||
|---|---|---|---|
| 001 | 3361549 | ||
| 003 | ARRUPE | ||
| 005 | 20131219165911.0 | ||
| 008 | 880115s1986 enka b 001 0ceng | ||
| 010 | _a 86209426 | ||
| 020 |
_a0340382910 : _c£12.95 |
||
| 040 |
_aDLC _cDLC _dDLC |
||
| 043 |
_ae-uk--- _af------ |
||
| 050 | 0 | 0 |
_aDA68.32.A1 _bE47 1986 |
| 082 | 0 | 0 |
_a960/.23 _219 |
| 100 | 1 |
_aEmery, Frank. _96121 |
|
| 245 | 1 | 0 |
_aMarching over Africa : _bletters from Victorian soldiers / _cFrank Emery. |
| 260 |
_aLondon : _bHodder and Stoughton, _c1986. |
||
| 300 |
_a204 p. : _bill. ; _c25 cm. |
||
| 500 | _aIncludes index. | ||
| 504 | _aBibliography: p. 191. | ||
| 610 | 1 | 0 |
_aGreat Britain. _bArmy _xColonial forces _zAfrica _xHistory. _96122 |
| 650 | 0 |
_aSoldiers _zGreat Britain _xCorrespondence. _96123 |
|
| 650 | 0 |
_aBritish _zAfrica _xHistory _y19th century. _96124 |
|
| 651 | 0 |
_aGreat Britain _xHistory, Military _y19th century. _96125 |
|
| 651 | 0 |
_aGreat Britain _xHistory _yVictoria, 1837-1901. _96126 |
|
| 651 | 0 |
_aAfrica _xHistory _y19th century. _96127 |
|
| 651 | 0 |
_aAfrica _xHistory, Military. _96128 |
|
| 906 |
_a7 _bcbc _corignew _d3 _encip _f19 _gy-gencatlg |
||
| 942 |
_2lcc _cMONOGRAPH |
||
| 999 |
_c119402 _d119402 |
||